[Event "BIH-chT (Women) 18th"]
[Site "Neum"]
[Date "2021.09.17"]
[Round "1.4"]
[White "Babajic, Ehlimana"]
[Black "Ostojic, Ana A"]
[Result "0-1"]
[WhiteElo "1438"]
[BlackElo "1467"]
[PlyCount "66"]
[EventDate "2021.09.17"]
[EventType "team-tourn"]
[EventRounds "3"]
[EventCountry "BIH"]
[SourceTitle "EXT 2023"]
[Source "ChessBase"]
[SourceDate "2022.10.05"]
[SourceVersion "1"]
[SourceVersionDate "2022.10.05"]
[SourceQuality "1"]
[WhiteTeam "Tuzla Sloboda (W)"]
[BlackTeam "Busovaca Hrasno (W)"]
[WhiteTeamCountry "BIH"]
[BlackTeamCountry "BIH"]

1. d4 d5 2. Bf4 Nf6 3. e3 e6 4. c4 c5 5. Bg5 Qa5+ 6. Nc3 Ne4 7. dxc5 Nxg5 8. cxd5 exd5 9. Qxd5 Qxc5 10. Bb5+ Nd7 11. Qb3 Be7 12. Rd1 Qc7 13. Qa4 a6 14. Nd5 Qd8 15. Ne2 Rb8 16. Bxd7+ Bxd7 17. Qd4 Ne6 18. Qd2 Bc6 19. Nxe7 Qxd2+ 20. Rxd2 Kxe7 21. 0-0 Bb5 22. Rfd1 Bxe2 23. Rxe2 Rhd8 24. Red2 Rxd2 25. Rxd2 Rd8 26. Rxd8 Kxd8 27. Kf1 Kd7 28. Ke2 Kd6 29. f3 Nc5 30. b3 h5 31. e4 Ke5 32. Ke3 g5 33. g3 Ne6 0-1